| 000 | 00498cam a2200205ua 4500 | ||
|---|---|---|---|
| 001 | 2845 | ||
| 008 | 110912n ii |||gr||||Z||||||asm | ||
| 020 | _a81-237-2404-7 | ||
| 040 | _cMAIN | ||
| 082 | _a920 | ||
| 100 | 1 | _aParthasarathi, R., | |
| 245 | 1 | 1 |
_aRamanujacharya _cby R. Parthasarathi |
| 250 | _a1st. | ||
| 260 |
_aDelhi: _bNational book trust,998. |
||
| 300 |
_a57p: _c23cm. |
||
| 653 | _aBiography | ||
| 653 | _aRamanujacharya | ||
| 700 | 1 |
_aDas, Lakshari., _eTranslator. |
|
| 942 | _cBK | ||
| 999 |
_c2694 _d2694 |
||